| 000 | 00386nam a2200157Ia 4500 | ||
|---|---|---|---|
| 008 | 230312s9999||||xx |||||||||||||| ||und|| | ||
| 020 | _a0-08-096959-6 | ||
| 082 |
_a720.977 _bPOW-A |
||
| 100 | _aPowell;Charlotte.Baden | ||
| 245 | 0 | _aArchitect's Pocket Book | |
| 260 |
_bElsevier _aIndia _c2011 |
||
| 300 | _a345 | ||
| 546 | _aEng. | ||
| 650 |
_aArchitecture _vpocket Book |
||
| 942 | _cBK | ||
| 999 |
_c7355 _d7355 |
||